00509nam a2200145Ia 4500008004100000100002200041245008200063245004700145260000900192300001200201650001300213856004500226999001900271952007300290170221s9999 xx 000 0 und d aMaurizio La Rocca aUnrelated Diversification and Firm Performance: 1980-2007 Evidence from Italy cMaurizio La Rocca and Raffaele Staglianò c2016 a15 : 14 xBusiness uhttp://ro.uow.edu.au/aabfj/vol6/iss1/13/ c311778d311778 001040aCLbCLd2017-02-21l0r2017-02-21 00:00:00w2017-02-21yFOJ